000 00686nam a2200229 i 4500
001 140739
003 ES-MaACL
005 20230906200138.0
007 t|
008 070917s1978 xxk ||||1| eng d
020 _a014048.005 6
080 _a821.111
100 1 _aShaw, Bernard.
_9106025
245 1 0 _aSaint Joan
_b: a chronicle play in six scenes and an apilogue /
_cby Bernard Shaw.
260 _aMiddlesex :
_bPenguin Books,
_c[1978]
300 _a158 p. ;
_c18 cm.
490 1 _aPenguins Plays. Drama
500 _aBiblioteca Jacinto Martínez Lacalle.
830 0 _aPenguins Plays. Drama
_9187182
852 _aES-MaACL
_jE-12142
_bR.140045
999 _c140739
_d140739